Countries and Territories with Coins Minted in Canada - Statistics

General Stats
  • This quiz has been taken 10 times
    5 since last reset
  • The average score is 39 of 80
Answer Stats
Year(s): Country: % Correct
1981; 2010-date Antigua and Barbuda
80%
1992 Argentina
80%
1981; 2003; 2015 Australia
80%
1973; 1987-date Barbados
80%
1902-date Canada
80%
2007 Chile
80%
1978-1981; 2010-date Dominica
80%
1937; 1986-1997; 2002-2008 Dominican Republic
80%
2004 Ecuador
80%
1977; 1999 El Salvador
80%
1981; 2010-date Grenada
80%
2002 Guatemala
80%
2007; 2020-2021 Guyana
80%
1973; 1977 Haiti
80%
1973-1978; 1991-2002 Honduras
80%
1971-1973 Iceland
80%
1918-1919; 1972 Jamaica
80%
1981; 2010-date Saint Kitts and Nevis
80%
1981; 2010-date Saint Lucia
80%
1981; 2010-date Saint Vincent and the Grenadines
80%
1972 Trinidad and Tobago
80%
1971-1973; 1985-1990; 1995 Venezuela
80%
1981; 2010-date Anguilla
60%
1973 Aruba
60%
1972-1976; 2007-date Bahamas
60%
2001-2006 Bolivia
60%
1973; 2013 Bonaire
60%
2016 Colombia
60%
1976-1983; 1994-1995; 2004; 2016 Costa Rica
60%
1973; 2013; 2020; 2025-date Curaçao
60%
1978-1982; 1986-1988; 1997; 2006-date New Zealand
60%
1975; 1978; 2000 Nicaragua
60%
1999 Norway
60%
1966; 1975-1978; 1983-date Panama
60%
1990-1999; 2007-2008 Papua New Guinea
60%
2004-2008 Paraguay
60%
1995-1998 Philippines
60%
2005-2007 Thailand
60%
2000 Uruguay
60%
1992 Zambia
60%
2011 Albania
40%
1998 Andorra
40%
1977-1979 Bangladesh
40%
1972-1978; 1986 Cayman Islands
40%
1975; 1990-1995; 2006-date Fiji
40%
1985; 1988-1989 India
40%
1971 Iran
40%
1975; 1981-1982 Iraq
40%
1973-2002 Israel
40%
1995-1996; 2002; 2012; 2017 Lebanon
40%
1989-1994; 1999-2005; 2016-2021 Madagascar
40%
1971 Malaysia
40%
2023 Mauritius
40%
1981; 2010-date Montserrat
40%
1917-1920; 1929; 1940-1947 Newfoundland
40%
2013-date Singapore
40%
1998; 2003-date Uganda
40%
1987-1989; 1998-2007; 2011-date United Arab Emirates
40%
1972; 1977; 2004 Bermuda
20%
1991; 2013-date Botswana
20%
2012 Cameroon
20%
1981 Cyprus
20%
1993-1994 Czechia
20%
1998-1999; 2007-2016 Ghana
20%
2002 Hong Kong
20%
1972 Isle of Man
20%
1995 Malawi
20%
1989 Nepal
20%
2010 Niue
20%
2010-2013 Oman
20%
1996 Sri Lanka
20%
1987-1993 Tanzania
20%
2002 Tunisia
20%
1974-1978 Turks and Caicos Islands
20%
2004-2020 Ethiopia
0%
1999 Macau
0%
1973; 2013 Saba
0%
1973; 2013; Sint Eustatius
0%
1973; 2013; 2020; 2025-date Sint Maarten
0%
1971 South Yemen
0%
No matching quizzes found
Score Distribution
Percent of People with Each Score
Percentile by Number Answered
Your Score History
You have not taken this quiz since the last reset